000 00762nam a2200229Ia 4500
005 20260430150744.0
008 008 250103s9999 xx 000 0 hin d
037 _aTheses
040 _aCRL
040 _bhin
040 _chin
041 _2hin
041 _ahin
084 _qCRL
100 _aनायक, गतिकृष्ण, ले.
_9865837
245 0 _aपंडित शंकर राव व्यास व्यक्तित्व एवं कृतित्व
260 _c2021
300 _a236पृ0
700 _aदिल्ली विश्वविद्यालय. संगीत एवं ललित कला संकाय. संगीत विभाग
942 _cTH
999 _c1850618
_d1850618